[Event "Geraardsbergen op 25th"]
[Site "Geraardsbergen"]
[Date "2009.08.14"]
[Round "5"]
[White "Ringoir, Tanguy"]
[Black "Knol, Geon"]
[Result "1-0"]
[WhiteElo "2406"]
[BlackElo "2070"]
[PlyCount "89"]
[EventDate "2009.08.12"]
[EventType "swiss"]
[EventRounds "9"]
[EventCountry "BEL"]
[SourceTitle "CBM 132 Extra"]
[Source "ChessBase"]
[SourceDate "2009.11.03"]
[SourceVersion "1"]
[SourceVersionDate "2009.11.03"]
[SourceQuality "1"]

1. e4 c6 2. d4 d5 3. exd5 cxd5 4. c4 Nf6 5. Nc3 dxc4 6. Bxc4 e6 7. Nf3 Be7 8. 0-0 Nbd7 9. Re1 Nb6 10. Bd3 Nbd5 11. a3 a6 12. Bc2 Nxc3 13. bxc3 b5 14. a4 Bb7 15. Rb1 Nd5 16. Bd2 Rc8 17. axb5 Nxc3 18. Bxc3 Rxc3 19. bxa6 Bxf3 20. Ba4+ Kf8 21. gxf3 Qa8 22. Qe2 Bd6 23. Qb5 g6 24. Qd7 Qxa6 25. Rb7 Rc7 26. Rxc7 Bxc7 27. Rc1 Bf4 28. Rc8+ Kg7 29. Rxh8 Kxh8 30. Qxf7 Qd6 31. Qf6+ Kg8 32. Bb3 h5 33. Qxg6+ Kf8 34. Qf6+ Kg8 35. Bxe6+ Kh7 36. h4 Qc7 37. Bf5+ Kg8 38. Bg6 Bd6 39. Bxh5 Be7 40. Qf7+ Kh8 41. Bg6 Qc1+ 42. Kg2 Qh6 43. Qxe7 Qxg6+ 44. Qg5 Qb6 45. d5 1-0

[Event "Geraardsbergen op 25th"]
[Site "Geraardsbergen"]
[Date "2009.08.13"]
[Round "4"]
[White "Luminet, Denis"]
[Black "Knol, Geon"]
[Result "1/2-1/2"]
[WhiteElo "2197"]
[BlackElo "2070"]
[PlyCount "89"]
[EventDate "2009.08.12"]
[EventType "swiss"]
[EventRounds "9"]
[EventCountry "BEL"]
[SourceTitle "CBM 132 Extra"]
[Source "ChessBase"]
[SourceDate "2009.11.03"]
[SourceVersion "1"]
[SourceVersionDate "2009.11.03"]
[SourceQuality "1"]

1. d4 c6 2. Nf3 g6 3. c4 b5 4. cxb5 cxb5 5. e4 Bb7 6. Bd3 Bg7 7. 0-0 a6 8. Nc3 Nf6 9. e5 Nd5 10. Re1 0-0 11. Bg5 Nxc3 12. bxc3 Bd5 13. a4 bxa4 14. Rxa4 h6 15. Bd2 d6 16. Qe2 a5 17. c4 Bc6 18. Ra3 e6 19. exd6 Qxd6 20. Rxa5 Rxa5 21. Bxa5 Bxf3 22. Qxf3 Bxd4 23. Bd2 Bg7 24. Bc1 Nc6 25. Be4 Ne5 26. Qa3 Nxc4 27. Qxd6 Nxd6 28. Ba3 Rd8 29. Rd1 Bf8 30. g3 Nb7 31. Rxd8 Nxd8 32. Bb2 f5 33. Bf6 Nf7 34. Bb7 Nd6 35. Bc6 Kf7 36. Bd4 g5 37. Kg2 Nc8 38. Bd7 Ne7 39. Bc5 Ng6 40. Bb6 Bd6 41. Bc8 h5 42. f3 h4 43. Be3 f4 44. gxf4 gxf4 45. Bb6 1/2-1/2